2026 Brasileirão Teams - Statistics

General Stats
  • This quiz has been taken 630 times
    133 since last reset
  • The average score is 15 of 20
Answer Stats
Answer % Correct
Flamengo
98%
Atlético Mineiro
90%
São Paulo
90%
Palmeiras
89%
Santos
85%
Vasco da Gama
85%
Botafogo
82%
Fluminense
80%
Corinthians
79%
Cruzeiro
79%
Internacional
76%
Grêmio
75%
Bahia
68%
Mirassol
68%
Remo
65%
Vitória
64%
Athletico Parananese
62%
Coritiba
62%
Red Bull Bragantino
58%
Chapecoense
49%
No matching quizzes found
Score Distribution
Percent of People with Each Score
Percentile by Number Answered
Your Score History
You have not taken this quiz since the last reset